| 000 | 01367nam0a22003619 4500 | ||
|---|---|---|---|
| 001 | RU\NLR\b_ik\71211 | ||
| 005 | 20250616224500.0 | ||
| 010 | _a90-6984-245-9 | ||
| 035 | _a(NLR Aleph) 002145598 | ||
| 090 |
_a2327444 _c2327444 |
||
| 100 | _a19950127d1999 |||y0rusy50 ca | ||
| 101 | 0 | _arus | |
| 102 | _aRU | ||
| 105 | _ay ||||||||| | ||
| 200 | 1 |
_aLocke, Spinoza and philosophical debate _eConcerning toleration in the early enlightenment (c.1670-c.1750) _fJ. I. Israel |
|
| 210 |
_aAmsterdam _cKnkl. Nederl. akad. van wet. _d1999 |
||
| 215 |
_a19 c. _d24 |
||
| 225 | 1 |
_aMededelingen van de Afd. lett. _fKnkl. Nederl. akad. van wet. _vN.R. D. 62 N 6 |
|
| 320 | _aБиблиогр. в подстроч. примеч | ||
| 541 | 0 | _aЛокк, Спиноза и философская дискуссия. | |
| 606 | 0 |
_aФилософия _xИстория, 17 - 18 вв. _2nlr-sh1 |
|
| 686 | 0 |
_aЮ3(0)5-511 _2rubbk |
|
| 700 | 1 |
_aIsrael _bJ. I. _f1946- _gJonathan Irvine _4070 |
|
| 702 | 1 |
_aSpinoza _bBenedictus de |
|
| 702 | 1 |
_aLocke _bJohn |
|
| 801 | 0 |
_aRU _bNLR _c19950127 _gPSBO |
|
| 801 | 1 |
_aRU _bNLR _c20011026 |
|
| 852 |
_aNLR _jP34/2191 |
||
| 942 | _cBOOK | ||
| 980 | _aNB | ||